Statistics for Countries Mentioned in the Wikipedia Page of Spain

Click here to take the quiz!

General Stats

  • This quiz has been taken 703 times
  • The average score is 19 of 27

Answer Stats

FrequencyContextCountry% Correct
12Shares a land border with ...France
100%
13Shares a land border with ...Portugal
100%
3Claims Gibraltar, an Overseas Territory of ...United Kingdom
98%
3Shares a land border with ...Andorra
97%
7Is the second biggest foreign investor in Latin America, after ...United States
97%
4Is the 2nd largest car manufacturer in Europe after ...Germany
96%
3European art influences include ...Italy
95%
9Shares a land border with ...Morocco
93%
5240,000 Spaniards emigrated in the 16th century, mostly to ...Mexico
92%
1Between 1846 and 1932, 5 million Spaniards emigrated to ...Argentina
88%
1Granted citizenship to 84,170 persons, mostly to people from ...Colombia
78%
2Spanish companies have expanded to ...China
77%
1Recent immigration from ...Algeria
75%
1Between 1846 and 1932, 5 million Spaniards emigrated to ...Brazil
75%
1Heracles later renounced his throne in preference for his native ...Greece
74%
1José María Aznar supported president George W. Bush in the ... War.Iraq
74%
3Nationalist movements arose in ...Cuba
66%
1Francis Xavier, was a missionary who reached ...Japan
64%
2Spanish companies have expanded to ...India
63%
1Is one of the most decentralised countries in Europe, along with ...Switzerland
58%
1Is one of the most decentralised countries in Europe, along with ...Belgium
57%
1Granted citizenship to 84,170 persons, mostly to people from ...Ecuador
52%
1Columbus's first landing in the ...Bahamas
50%
5Has maintained its special relations with ...Philippines
48%
1Had the 2nd highest immigration rate in the EU in percentage terms after ...Cyprus
20%
1Has 47 World Heritage Sites including the Heritage of Mercury, shared with ...Slovenia
18%
2Considered the war with the Muslims of ... a repeat of the Reconquista.Brunei
5%

Score Distribution

Percentile by Number Answered

Percent of People with Each Score

Your Score History

You have not taken this quiz